000 00754nam a2200205Ii 4500
003 JO-AjNU
008 230605s9999||||xx |||||||||||||| ||und||
040 _aJO-AjNU
_bara
_erda
_cJO-AjNU
041 _aara
050 1 4 _aPJ6073.T3 1981
100 3 _aتاليف طحان، ريمون,
_eauthor
_936207
245 0 0 _aالألسنية العربية النحو-الجملة-الاسلوب-خاتمتة
250 _aط2
264 3 1 _aبيروت: دار الكتاب اللبناني،1981
300 _a165ص
336 _atext
_btxt
_2rdacontent
337 _aunmediated
_bn
_2rdamedia
338 _avolume
_bnc
_2rdacarrier
650 4 _aاللغة العربية-الالسنة العربية-النحو-الجمله-الاسلوب-قواعد
_936208
999 _aA15022
_c18590
_d18590